Sudden dieback of young budded rubber (Hevea brasiliensis Muell.Arg.) plants at nursery stage under hot and dry climate conditions (Record no. 69918)

MARC details
000 -LEADER
fixed length control field 00700nam a2200217Ia 4500
100 ## - MAIN ENTRY--AUTHOR NAME
Personal name Senevirathna A M W K
245 #0 - TITLE STATEMENT
Title Sudden dieback of young budded rubber (Hevea brasiliensis Muell.Arg.) plants at nursery stage under hot and dry climate conditions
260 ## - PUBLICATION, DISTRIBUTION, ETC. (IMPRINT)
Name of publisher IRRDB International Rubber Conference 14-17 December 2011 Chiang
650 ## - SUBJECT ADDED ENTRY--TOPICAL TERM
Topical Term Dry climate
650 ## - SUBJECT ADDED ENTRY--TOPICAL TERM
Topical Term High vigor plants
650 ## - SUBJECT ADDED ENTRY--TOPICAL TERM
Topical Term Hot climate
650 ## - SUBJECT ADDED ENTRY--TOPICAL TERM
Topical Term Low vigor plants
650 ## - SUBJECT ADDED ENTRY--TOPICAL TERM
Topical Term Scion dieback
650 ## - SUBJECT ADDED ENTRY--TOPICAL TERM
Topical Term Shade
650 ## - SUBJECT ADDED ENTRY--TOPICAL TERM
Topical Term Young budding plants
700 ## - ADDED ENTRY--PERSONAL NAME
Personal name Dharmakeerthi R S
700 ## - ADDED ENTRY--PERSONAL NAME
Personal name Karunathilake P K W
700 ## - ADDED ENTRY--PERSONAL NAME
Personal name Silva S N
942 ## - ADDED ENTRY ELEMENTS (KOHA)
Koha item type Journals
Holdings
Withdrawn status Lost status Damaged status Not for loan Home library Current library Shelving location Date acquired Koha item type
      Journals RRII Library RRII Library Botany 25/09/2013 Journals